[Event "192nd open MGU"]
[Site "Sofia"]
[Date "2017.10.07"]
[Round "1.1"]
[White "Metev, Martin"]
[Black "Kostov, Nikolay"]
[Result "1-0"]
[WhiteElo "1907"]
[BlackElo "1646"]
[PlyCount "45"]
[EventDate "2017.10.07"]
[EventType "tourn"]
[EventRounds "6"]
[EventCountry "BUL"]
[SourceDate "2008.07.28"]

1. e4 e5 2. c4 d6 3. Nc3 c6 4. d3 Be7 5. g3 Nf6 6. Bg2 Na6 7. Nge2 O-O 8. O-O
Nc7 9. d4 a6 10. f4 exd4 11. Nxd4 Ne6 12. Nf5 Nc5 13. Nxe7+ Qxe7 14. Re1 Bg4
15. Qc2 a5 16. h3 Bc8 17. Be3 Nfd7 18. Rad1 Qf6 19. Qd2 Qg6 20. Bf2 a4 21. Qxd6
Qxd6 22. Rxd6 f6 23. e5 1-0

[Event "192nd open MGU"]
[Site "Sofia"]
[Date "2017.10.07"]
[Round "1.2"]
[White "Mladenov, Andrey"]
[Black "Andreev, Dobrotich"]
[Result "0-1"]
[WhiteElo "1593"]
[BlackElo "1844"]
[PlyCount "70"]
[EventDate "2017.10.07"]
[EventType "tourn"]
[EventRounds "6"]
[EventCountry "BUL"]
[SourceDate "2008.07.28"]

1. e4 c6 2. d4 d5 3. exd5 cxd5 4. c4 Nf6 5. Nc3 e6 6. Nf3 Nc6 7. Bd3 dxc4 8.
Bxc4 Be7 9. O-O O-O 10. d5 Na5 11. Bb3 Nxb3 12. Qxb3 exd5 13. Rd1 Qb6 14. Qxb6
axb6 15. Nxd5 Nxd5 16. Rxd5 Be6 17. Rb5 Bc5 18. b3 Bd7 19. Rxc5 bxc5 20. Be3 b6
21. a4 Be6 22. Rb1 Rfd8 23. h3 Rd3 24. Nd2 Rad8 25. Rb2 h5 26. Kh2 f6 27. Kg3
g5 28. Kh2 Kf7 29. Kg1 Kg6 30. Kf1 f5 31. Nf3 Rxb3 32. Rc2 f4 33. Bd2 Rb1+ 34.
Ke2 Bb3 35. Rc3 Bd1+ 0-1

[Event "192nd open MGU"]
[Site "Sofia"]
[Date "2017.10.07"]
[Round "1.3"]
[White "Babatov, Martin"]
[Black "Simeonov, Daniel"]
[Result "0-1"]
[WhiteElo "1755"]
[BlackElo "1528"]
[PlyCount "110"]
[EventDate "2017.10.07"]
[EventType "tourn"]
[EventRounds "6"]
[EventCountry "BUL"]
[SourceDate "2008.07.28"]

1. d4 g6 2. e4 Bg7 3. c4 d6 4. Nc3 Nf6 5. Nf3 Bg4 6. Be2 c6 7. h3 Bxf3 8. Bxf3
Nbd7 9. Be3 e5 10. d5 Qc7 11. Qd2 cxd5 12. cxd5 a6 13. Rc1 Qa5 14. O-O O-O 15.
Rc2 Rfc8 16. Rfc1 b5 17. a3 Rab8 18. Be2 Ne8 19. f3 Qd8 20. Nd1 Rxc2 21. Qxc2
Qa5 22. Nf2 Bf8 23. Nd3 Qd8 24. Nb4 Ra8 25. Qc6 Nc5 26. Bxc5 dxc5 27. Nxa6 Rc8
28. Qxb5 Nd6 29. Qb3 Qg5 30. Qc2 Bh6 31. Rd1 Qh4 32. Bd3 Be3+ 33. Kf1 Qg3 34.
Qe2 Bd4 35. Bb1 c4 36. Rxd4 exd4 37. e5 d3 38. Qe3 Nf5 39. Qe1 Qf4 40. e6 Ne3+
41. Kg1 fxe6 42. dxe6 Rc6 43. e7 Kf7 44. Qb4 Qg3 45. Qd2 Re6 46. Nc5 Rxe7 47.
Ne4 Rxe4 48. fxe4 Qf4 49. Ba2 Qf1+ 50. Kh2 Qe2 51. Bxc4+ Nxc4 52. Qf4+ Ke6 53.
Qg5 Qxe4 54. Qb5 Qe5+ 55. Kg1 Qxb5 0-1

[Event "192nd open MGU"]
[Site "Sofia"]
[Date "2017.10.07"]
[Round "1.4"]
[White "Ivanov, Oleg M."]
[Black "Mihalev, Daniil"]
[Result "0-1"]
[WhiteElo "1523"]
[BlackElo "1727"]
[PlyCount "66"]
[EventDate "2017.10.07"]
[EventType "tourn"]
[EventRounds "6"]
[EventCountry "BUL"]
[SourceDate "2008.07.28"]

1. Nf3 g6 2. d4 Bg7 3. e4 c5 4. c3 cxd4 5. cxd4 d5 6. e5 Bg4 7. Be2 Nh6 8. O-O
O-O 9. Nc3 Nc6 10. h3 Bxf3 11. Bxf3 Nf5 12. Be3 e6 13. Ne2 f6 14. Nf4 Qe7 15.
Rc1 fxe5 16. dxe5 Nxe3 17. fxe3 Nxe5 18. Be2 Rac8 19. Rc2 Rc6 20. Qd2 Rfc8 21.
Rfc1 a6 22. Nd3 Nc4 23. Qb4 Qg5 24. Nf4 Bf8 25. Qxb7 Na5 26. Qxc8 Rxc8 27. Rxc8
Qe5 28. R1c3 d4 29. R3c5 Qxe3+ 30. Kh1 Qxf4 31. Rxa5 Qd2 32. Re5 Kf7 33. Bc4
Qc1+ 0-1

[Event "192nd open MGU"]
[Site "Sofia"]
[Date "2017.10.07"]
[Round "1.5"]
[White "Tsyntsarski, Boyko"]
[Black "Tsekov, Vasil"]
[Result "1-0"]
[WhiteElo "1687"]
[BlackElo "1709"]
[PlyCount "33"]
[EventDate "2017.10.07"]
[EventType "tourn"]
[EventRounds "6"]
[EventCountry "BUL"]
[SourceDate "2008.07.28"]

1. d4 Nf6 2. c4 e6 3. Nc3 d5 4. cxd5 exd5 5. Bg5 Be7 6. e3 O-O 7. Bd3 h6 8. Bh4
Be6 9. Nge2 g5 10. Bg3 Nbd7 11. h4 c5 12. hxg5 hxg5 13. Be5 Qa5 14. Ng3 Nxe5
15. dxe5 d4 16. exf6 Bxf6 17. Bh7+ 1-0

[Event "192nd open MGU"]
[Site "Sofia"]
[Date "2017.10.07"]
[Round "2.1"]
[White "Naymanova, Patricie"]
[Black "Metev, Martin"]
[Result "0-1"]
[WhiteElo "1662"]
[BlackElo "1907"]
[PlyCount "76"]
[EventDate "2017.10.07"]
[EventType "tourn"]
[EventRounds "6"]
[EventCountry "BUL"]
[SourceDate "2008.07.28"]

1. d4 e6 2. Nf3 d5 3. Bf4 Nf6 4. e3 Nh5 5. Bg3 Nxg3 6. hxg3 Nd7 7. Nbd2 Be7 8.
Bd3 h6 9. c3 b6 10. Rc1 c5 11. O-O O-O 12. e4 dxe4 13. Nxe4 Bb7 14. Bb1 cxd4
15. Nxd4 Nc5 16. Nxc5 bxc5 17. Qc2 g6 18. Nxe6 Qd5 19. Nf4 Qc6 20. f3 Bg5 21.
Rcd1 Rad8 22. Qb3 c4 23. Qa3 a6 24. Kh2 Qc7 25. b3 Bxf4 26. gxf4 Qxf4+ 27. Kg1
Qe3+ 28. Kh2 Rxd1 29. Rxd1 Bxf3 30. Rf1 Be2 31. Re1 Qd2 32. Rc1 Rd8 33. Qe7
Qf4+ 34. g3 Qf2+ 35. Kh3 Bf1+ 36. Kg4 f5+ 37. Bxf5 Qxf5+ 38. Kh4 Qh5# 0-1

[Event "192nd open MGU"]
[Site "Sofia"]
[Date "2017.10.07"]
[Round "2.2"]
[White "Andreev, Dobrotich"]
[Black "Tsyntsarski, Boyko"]
[Result "1-0"]
[WhiteElo "1844"]
[BlackElo "1687"]
[PlyCount "53"]
[EventDate "2017.10.07"]
[EventType "tourn"]
[EventRounds "6"]
[EventCountry "BUL"]
[SourceDate "2008.07.28"]

1. e4 d5 2. Nf3 dxe4 3. Ng5 Nf6 4. Bc4 e6 5. Nc3 h6 6. Ngxe4 Nxe4 7. Nxe4 Qh4
8. Qe2 Nc6 9. c3 Ne5 10. Bb3 Be7 11. d4 Ng4 12. h3 f5 13. Ng3 Nxf2 14. Qxf2 Bd6
15. Nf1 Qe4+ 16. Qe2 Qh4+ 17. Qf2 Qe4+ 18. Qe3 Qh4+ 19. g3 Qf6 20. Bd2 Bd7 21.
O-O-O O-O-O 22. d5 e5 23. Qxa7 Bb5 24. c4 Ba6 25. c5 Bxf1 26. c6 Ba6 27. Qa8#
1-0

[Event "192nd open MGU"]
[Site "Sofia"]
[Date "2017.10.07"]
[Round "2.3"]
[White "Mihalev, Daniil"]
[Black "Simeonov, Daniel"]
[Result "1-0"]
[WhiteElo "1727"]
[BlackElo "1528"]
[PlyCount "105"]
[EventDate "2017.10.07"]
[EventType "tourn"]
[EventRounds "6"]
[EventCountry "BUL"]
[SourceDate "2008.07.28"]

1. d4 d5 2. c3 g6 3. Nf3 Bg7 4. Bf4 Bg4 5. e3 Nc6 6. Qb3 Bxf3 7. Qxb7 Nxd4 8.
exd4 Bg4 9. Qc6+ Bd7 10. Qxc7 Nf6 11. Qxd8+ Rxd8 12. Bd3 Nh5 13. Be3 Rb8 14. b4
Rc8 15. Kd2 f5 16. f4 Nf6 17. a4 Kf7 18. h3 h5 19. h4 Rc7 20. Rc1 Ne4+ 21. Bxe4
fxe4 22. Kc2 Rhc8 23. Kb2 Bf8 24. Nd2 Bg4 25. Nb3 Be2 26. Nc5 e6 27. Rc2 Bd3
28. Nxd3 exd3 29. Rcc1 Be7 30. g3 a6 31. Bd2 Rb7 32. Kb3 a5 33. b5 Rbc7 34. Re1
Bd6 35. Re3 Rc4 36. Rxd3 Bf8 37. Re1 Re8 38. Rg1 Be7 39. Bc1 Rec8 40. Bb2 Rb8
41. Re3 Bf8 42. g4 hxg4 43. Rxg4 Bh6 44. Reg3 Rg8 45. h5 Rcc8 46. hxg6+ Kf6 47.
Ba3 Bf8 48. Bxf8 Rcxf8 49. Rg5 Rg7 50. Re5 Rh8 51. c4 dxc4+ 52. Kxc4 Rc7+ 53.
Rc5 1-0

[Event "192nd open MGU"]
[Site "Sofia"]
[Date "2017.10.07"]
[Round "2.4"]
[White "Ivanov, Oleg M."]
[Black "Babatov, Martin"]
[Result "1-0"]
[WhiteElo "1523"]
[BlackElo "1755"]
[PlyCount "61"]
[EventDate "2017.10.07"]
[EventType "tourn"]
[EventRounds "6"]
[EventCountry "BUL"]
[SourceDate "2008.07.28"]

1. f4 d5 2. Nf3 Nf6 3. e3 Bg4 4. Be2 e6 5. O-O Be7 6. b3 O-O 7. Bb2 c5 8. h3
Bxf3 9. Bxf3 Nc6 10. Nc3 Rb8 11. a4 d4 12. Ne2 dxe3 13. dxe3 Qxd1 14. Raxd1 Nb4
15. Rd2 Rfd8 16. Rfd1 b6 17. Be5 Rxd2 18. Rxd2 Rd8 19. Rxd8+ Bxd8 20. c3 Nc2
21. Kf2 Nd7 22. Bd6 Na1 23. Nc1 Bf6 24. Bc6 Nf8 25. Bb8 Bxc3 26. Bxa7 Bd2 27.
Bxb6 Bxc1 28. a5 Nxb3 29. a6 c4 30. Ba4 c3 31. a7 1-0

[Event "192nd open MGU"]
[Site "Sofia"]
[Date "2017.10.07"]
[Round "2.6"]
[White "Tsekov, Vasil"]
[Black "Mladenov, Andrey"]
[Result "0-1"]
[WhiteElo "1709"]
[BlackElo "1593"]
[PlyCount "145"]
[EventDate "2017.10.07"]
[EventType "tourn"]
[EventRounds "6"]
[EventCountry "BUL"]
[SourceDate "2008.07.28"]

1. d4 d5 2. Nf3 Nf6 3. c4 c6 4. Nc3 e6 5. e3 Nbd7 6. Qc2 dxc4 7. Bxc4 Bd6 8. e4
e5 9. d5 cxd5 10. Nxd5 Nxd5 11. Bxd5 O-O 12. O-O h6 13. Rd1 Nb6 14. Nxe5 Nxd5
15. Rxd5 Be6 16. Rd3 Qe7 17. Bf4 Rac8 18. Rc3 Qf6 19. Ng6 Bxf4 20. Nxf8 Rxf8
21. g3 Be5 22. Rd3 Rc8 23. Qd2 Bxb2 24. Rb1 Bc3 25. Qd1 b6 26. Qa4 Ba5 27. Rbd1
Bg4 28. e5 Qf5 29. Rd8+ Rxd8 30. Rxd8+ Kh7 31. f4 Qb1+ 32. Kg2 Qe1 33. Qc2+ g6
34. Rf8 Kg7 35. Rxf7+ Kxf7 36. Qc7+ Ke6 37. Qd6+ Kf5 38. Qd7+ Ke4 39. Qxg4 Qd2+
40. Kh3 Ke3 41. Qxg6 Qd7+ 42. e6 Qe7 43. f5 Bc3 44. Qxh6+ Ke4 45. Qf4+ Kd5 46.
Qf3+ Kc4 47. Qe4+ Kc5 48. g4 Bf6 49. Qe3+ Kc6 50. Qe4+ Kc7 51. Qa4 a5 52. Kg3
Qd6+ 53. Kf3 Qd3+ 54. Kf4 Qd2+ 55. Ke4 Qe2+ 56. Kf4 Qxh2+ 57. Kf3 Qh1+ 58. Kf4
Qf1+ 59. Ke4 Qe2+ 60. Kf4 Qd2+ 61. Ke4 Qd6 62. Qd7+ Qxd7 63. exd7 Kxd7 64. Kf4
Ke7 65. g5 Bc3 66. a4 Kf7 67. Ke4 Bb4 68. Ke5 Bc3+ 69. Kd5 Bd2 70. Kc6 Bxg5 71.
Kxb6 Bd2 72. Kc5 Kf6 73. Kd4 0-1

[Event "192nd open MGU"]
[Site "Sofia"]
[Date "2017.10.07"]
[Round "3.1"]
[White "Metev, Martin"]
[Black "Andreev, Dobrotich"]
[Result "1-0"]
[WhiteElo "1907"]
[BlackElo "1844"]
[PlyCount "111"]
[EventDate "2017.10.07"]
[EventType "tourn"]
[EventRounds "6"]
[EventCountry "BUL"]
[SourceDate "2008.07.28"]

1. e4 c6 2. d4 d5 3. Nc3 dxe4 4. Nxe4 Bf5 5. Ng3 Bg6 6. Nf3 e6 7. Ne5 Nd7 8.
Nxg6 hxg6 9. c3 Bd6 10. Ne4 Bc7 11. Bg5 Ndf6 12. Bd3 Qb8 13. Qd2 Nxe4 14. Bxe4
Nf6 15. Bf3 Nd5 16. Bxd5 cxd5 17. h3 Bd8 18. O-O Bxg5 19. Qxg5 Rh5 20. Qe3 Rh4
21. Rfe1 Qf4 22. Qd3 Qc7 23. b3 O-O-O 24. Rac1 Kb8 25. a4 g5 26. c4 dxc4 27.
Rxc4 Qd6 28. Re4 Rdh8 29. Rxh4 Rxh4 30. Qc3 Rh8 31. Kf1 a6 32. b4 g4 33. hxg4
Rh1+ 34. Ke2 e5 35. Rc8+ Ka7 36. Qc5+ Qxc5 37. dxc5 Rb1 38. b5 axb5 39. axb5
Rxb5 40. Rc7 f6 41. c6 Kb8 42. Rxb7+ Rxb7 43. cxb7 Kxb7 44. Ke3 Kc6 45. Ke4 Kd7
46. Kf5 Ke7 47. Kg6 Kf8 48. f3 Kg8 49. g5 fxg5 50. Kxg5 Kf8 51. Kf5 Kf7 52.
Kxe5 Kg6 53. Ke6 Kg5 54. Kf7 g6 55. Kg7 Kh5 56. Kf6 1-0

[Event "192nd open MGU"]
[Site "Sofia"]
[Date "2017.10.07"]
[Round "3.2"]
[White "Tsyntsarski, Boyko"]
[Black "Mihalev, Daniil"]
[Result "1-0"]
[WhiteElo "1687"]
[BlackElo "1727"]
[PlyCount "81"]
[EventDate "2017.10.07"]
[EventType "tourn"]
[EventRounds "6"]
[EventCountry "BUL"]
[SourceDate "2008.07.28"]

1. e4 c5 2. Nc3 g6 3. d4 Bg7 4. d5 d6 5. Nf3 e5 6. Bg5 Ne7 7. Bb5+ Nd7 8. O-O
a6 9. Be2 h6 10. Be3 b5 11. a4 b4 12. Nb1 Nf6 13. Nfd2 O-O 14. f4 Nd7 15. f5
gxf5 16. exf5 Nxd5 17. Bf2 N7f6 18. Bf3 Bxf5 19. c4 bxc3 20. Nxc3 Nxc3 21. bxc3
Rb8 22. Bh4 Qd7 23. Bxf6 Bxf6 24. Ne4 Bxe4 25. Bxe4 Bg7 26. Qd3 Rb6 27. a5 Rb5
28. Qf3 c4 29. Bc6 Qa7+ 30. Kh1 Rc5 31. Rab1 Qc7 32. Bd5 Qxa5 33. Bxf7+ Kh8 34.
Qh3 e4 35. Rf6 h5 36. Qe6 Rxf7 37. Qxf7 Rb5 38. Rbf1 Qxc3 39. Qe8+ Kh7 40. Qg6+
Kh8 41. Rf8+ 1-0

[Event "192nd open MGU"]
[Site "Sofia"]
[Date "2017.10.07"]
[Round "3.3"]
[White "Mladenov, Andrey"]
[Black "Naymanova, Patricie"]
[Result "0-1"]
[WhiteElo "1593"]
[BlackElo "1662"]
[PlyCount "80"]
[EventDate "2017.10.07"]
[EventType "tourn"]
[EventRounds "6"]
[EventCountry "BUL"]
[SourceDate "2008.07.28"]

1. e4 e6 2. d4 d5 3. Nc3 dxe4 4. Nxe4 Nd7 5. Nf3 Ngf6 6. Bd3 Be7 7. O-O O-O 8.
c3 Nxe4 9. Bxe4 Nf6 10. Bd3 b6 11. Ne5 Bb7 12. c4 c5 13. dxc5 Bxc5 14. Qe2 Qc7
15. Bg5 Nd7 16. Nxd7 Qxd7 17. Kh1 h6 18. Bf4 e5 19. Be3 e4 20. Bc2 Bxe3 21.
Qxe3 f5 22. Rad1 Qe7 23. Qh3 Qf6 24. Qb3 Qg5 25. c5+ Kh8 26. Rd7 Ba6 27. Rfd1
bxc5 28. Qd5 Bb5 29. Rd6 Be2 30. Rg1 c4 31. Ba4 Rab8 32. Qc5 Rfc8 33. Qd4 a5
34. Bd7 Rc7 35. Qe5 Rcb7 36. Bxf5 Bg4 37. Rg6 Qxf5 38. Rxh6+ Kg8 39. Re6 Qxe6
40. Qf5 Rxb2 0-1

[Event "192nd open MGU"]
[Site "Sofia"]
[Date "2017.10.07"]
[Round "3.4"]
[White "Simeonov, Daniel"]
[Black "Kostov, Nikolay"]
[Result "1/2-1/2"]
[WhiteElo "1528"]
[BlackElo "1646"]
[PlyCount "62"]
[EventDate "2017.10.07"]
[EventType "tourn"]
[EventRounds "6"]
[EventCountry "BUL"]
[SourceDate "2008.07.28"]

1. d4 Nf6 2. c4 c5 3. e3 e6 4. Nc3 cxd4 5. exd4 Bb4 6. Bd2 Nc6 7. Nf3 d5 8. a3
Bxc3 9. Bxc3 Ne4 10. cxd5 Qxd5 11. Be2 O-O 12. O-O Nxc3 13. bxc3 b5 14. Bd3 Bb7
15. Re1 f5 16. Re3 Rf6 17. Rc1 Rh6 18. c4 bxc4 19. Bxc4 Qd6 20. d5 Na5 21. Ba2
exd5 22. h3 Kf8 23. Qa4 Nc4 24. Bxc4 dxc4 25. Rce1 Qc6 26. Qb4+ Rd6 27. Qc3 Rd3
28. Rxd3 cxd3 29. Qxd3 g6 30. Qe3 Re8 31. Qh6+ Kg8 1/2-1/2

[Event "192nd open MGU"]
[Site "Sofia"]
[Date "2017.10.08"]
[Round "4.1"]
[White "Mihalev, Daniil"]
[Black "Metev, Martin"]
[Result "1/2-1/2"]
[WhiteElo "1727"]
[BlackElo "1907"]
[PlyCount "51"]
[EventDate "2017.10.07"]
[EventType "tourn"]
[EventRounds "6"]
[EventCountry "BUL"]
[SourceDate "2008.07.28"]

1. d4 e6 2. Nf3 d5 3. e3 Nf6 4. Bd3 b6 5. O-O Nbd7 6. b3 Be7 7. Bb2 O-O 8. Nbd2
c5 9. e4 dxe4 10. Nxe4 Bb7 11. Qe2 Nxe4 12. Bxe4 Bxe4 13. Qxe4 Nf6 14. Qe2 Qc7
15. c4 Rfd8 16. Rfe1 Re8 17. Rad1 Rad8 18. h3 h6 19. Rd2 cxd4 20. Rxd4 Rxd4 21.
Nxd4 a6 22. a3 Bd6 23. Nf3 Be7 24. Nd4 Bd6 25. Nf3 Be7 26. Nd4 1/2-1/2

[Event "192nd open MGU"]
[Site "Sofia"]
[Date "2017.10.08"]
[Round "4.2"]
[White "Naymanova, Patricie"]
[Black "Tsyntsarski, Boyko"]
[Result "1-0"]
[WhiteElo "1662"]
[BlackElo "1687"]
[PlyCount "50"]
[EventDate "2017.10.07"]
[EventType "tourn"]
[EventRounds "6"]
[EventCountry "BUL"]
[SourceDate "2008.07.28"]

1. d4 Nf6 2. Bg5 d5 3. Bxf6 exf6 4. e3 Bf5 5. g3 Be4 6. Nf3 c6 7. Nbd2 f5 8.
Bg2 Nd7 9. Nxe4 fxe4 10. Nd2 Bd6 11. c4 O-O 12. c5 Bc7 13. b4 f5 14. a4 Nf6 15.
b5 g5 16. h4 Ng4 17. Bh3 Nxe3 18. fxe3 Bxg3+ 19. Ke2 g4 20. Qg1 Bxh4 21. Bxg4
fxg4 22. Qxg4+ Bg5 23. Rag1 h6 24. Rxh6 Kg7 25. Rh5 Rh8 1-0

[Event "192nd open MGU"]
[Site "Sofia"]
[Date "2017.10.08"]
[Round "4.3"]
[White "Andreev, Dobrotich"]
[Black "Kostov, Nikolay"]
[Result "1-0"]
[WhiteElo "1844"]
[BlackElo "1646"]
[PlyCount "81"]
[EventDate "2017.10.07"]
[EventType "tourn"]
[EventRounds "6"]
[EventCountry "BUL"]
[SourceDate "2008.07.28"]

1. e4 e5 2. Nf3 Nc6 3. Bb5 Nf6 4. O-O Nxe4 5. d4 Be7 6. dxe5 O-O 7. Qd5 Ng5 8.
Bxg5 Bxg5 9. e6 Bf6 10. exf7+ Kh8 11. c3 Ne7 12. Qb3 c6 13. Bd3 d5 14. Qc2 g6
15. Re1 Rxf7 16. Nbd2 Bf5 17. Ne5 Bxe5 18. Rxe5 Bxd3 19. Qxd3 Qf8 20. Rae1 Nf5
21. Nf3 Re7 22. Rxe7 Nxe7 23. Qd4+ Kg8 24. Re6 Nf5 25. Qe5 Ng7 26. Rf6 Qe8 27.
Qc7 Rc8 28. Qxb7 Rb8 29. Qxa7 Rxb2 30. g3 Nf5 31. Ne5 Rb1+ 32. Kg2 Re1 33. f4
Re2+ 34. Kh3 Ne3 35. Rxc6 Nf1 36. Qa6 Rxh2+ 37. Kg4 Ne3+ 38. Kf3 Nd1 39. Rc8
Rf2+ 40. Kg4 Kg7 41. Rxe8 1-0

[Event "192nd open MGU"]
[Site "Sofia"]
[Date "2017.10.08"]
[Round "4.4"]
[White "Simeonov, Daniel"]
[Black "Mladenov, Andrey"]
[Result "1-0"]
[WhiteElo "1528"]
[BlackElo "1593"]
[PlyCount "85"]
[EventDate "2017.10.07"]
[EventType "tourn"]
[EventRounds "6"]
[EventCountry "BUL"]
[SourceDate "2008.07.28"]

1. d4 d5 2. e3 Nf6 3. c4 c6 4. Nc3 e6 5. a3 Bd6 6. c5 Bc7 7. Bd3 b6 8. cxb6
axb6 9. b4 O-O 10. Nf3 Nbd7 11. O-O Qe7 12. b5 c5 13. dxc5 Nxc5 14. Bc2 Bb7 15.
a4 e5 16. Ba3 Qd6 17. Nh4 g6 18. f4 Rfe8 19. Qd2 d4 20. Rad1 Rad8 21. Ne2 d3
22. Bxc5 Qxc5 23. Bb3 dxe2 24. Qxe2 Rxd1 25. Rxd1 exf4 26. Kf1 Rxe3 27. Qb2 Be5
28. Qa2 Rxb3 29. Qxb3 Bd5 30. Rxd5 Nxd5 31. Nf3 Ne3+ 32. Ke2 Bg7 33. Ne1 Qh5+
34. Kd3 Qxh2 35. a5 bxa5 36. b6 Nxg2 37. Nf3 Qg3 38. Ke4 Ne1 39. b7 Be5 40.
Kxe5 Nxf3+ 41. Kd6 Qf2 42. b8=Q+ Kg7 43. Qb2+ 1-0

[Event "192nd open MGU"]
[Site "Sofia"]
[Date "2017.10.08"]
[Round "5.1"]
[White "Metev, Martin"]
[Black "Simeonov, Daniel"]
[Result "1-0"]
[WhiteElo "1907"]
[BlackElo "1528"]
[PlyCount "93"]
[EventDate "2017.10.07"]
[EventType "tourn"]
[EventRounds "6"]
[EventCountry "BUL"]
[SourceDate "2008.07.28"]

1. e4 g6 2. d4 Bg7 3. Nf3 d6 4. Nc3 c6 5. Be3 Bg4 6. Be2 Nf6 7. Qd2 b5 8. a3
Nbd7 9. Bh6 Kf8 10. h3 Bxf3 11. Bxf3 a6 12. h4 e5 13. Bxg7+ Kxg7 14. O-O-O h5
15. Rdg1 exd4 16. Qxd4 Qe7 17. Rd1 Ne5 18. Qxd6 Qxd6 19. Rxd6 Nxf3 20. gxf3
Rac8 21. e5 Ne8 22. Rd7 Nc7 23. Rhd1 Ne6 24. Ra7 Ra8 25. Rdd7 Rxa7 26. Rxa7 Nd4
27. f4 Re8 28. Rxa6 Re6 29. Ra7 Kf8 30. b3 f6 31. a4 b4 32. Ne4 fxe5 33. Nc5
Re8 34. Nd7+ Kf7 35. Nxe5+ Kf6 36. Kd2 Kf5 37. Kd3 Rd8 38. Rd7 Rxd7 39. Nxd7
Ne6 40. a5 Kxf4 41. a6 g5 42. a7 Nc7 43. Nc5 Kf5 44. hxg5 Na8 45. f4 Nb6 46.
Ke2 h4 47. Kf3 1-0

[Event "192nd open MGU"]
[Site "Sofia"]
[Date "2017.10.08"]
[Round "5.2"]
[White "Naymanova, Patricie"]
[Black "Andreev, Dobrotich"]
[Result "0-1"]
[WhiteElo "1662"]
[BlackElo "1844"]
[PlyCount "144"]
[EventDate "2017.10.07"]
[EventType "tourn"]
[EventRounds "6"]
[EventCountry "BUL"]
[SourceDate "2008.07.28"]

1. d4 d5 2. Bf4 c6 3. e3 Nf6 4. Nf3 Nbd7 5. Nbd2 e6 6. Bd3 Be7 7. c3 O-O 8. Ne5
c5 9. Nxd7 Bxd7 10. dxc5 Bxc5 11. O-O Re8 12. Nb3 Bf8 13. Be5 Ba4 14. Qf3 Nd7
15. Bg3 Qf6 16. Qxf6 gxf6 17. e4 Ne5 18. Bc2 Nc4 19. exd5 Nxb2 20. dxe6 fxe6
21. Be4 Bc6 22. Bxc6 bxc6 23. Nd4 e5 24. Nxc6 Rec8 25. Nb4 Rxc3 26. Nd5 Rc6 27.
Bh4 Kf7 28. Rab1 Nd3 29. Rb7+ Kg6 30. Nxf6 Rxf6 31. Bxf6 Kxf6 32. Rxh7 Bc5 33.
g3 Rb8 34. Rh6+ Kf5 35. Rh5+ Ke4 36. Kg2 Rb2 37. Rh4+ Kd5 38. Rd1 Rxf2+ 39. Kh3
e4 40. Rh8 Rxa2 41. Kg4 Kc4 42. Kf5 Rf2+ 43. Kxe4 Bd4 44. Rxd3 Re2+ 45. Kf3
Kxd3 46. Rh6 Rf2+ 47. Kg4 a5 48. Ra6 Bc3 49. h4 Kc4 50. h5 Kb5 51. Ra8 Rh2 52.
Rb8+ Kc4 53. Ra8 Kb3 54. Rb8+ Bb4 55. Kg5 a4 56. g4 a3 57. Kg6 a2 58. Ra8 Ba3
59. Rb8+ Kc2 60. Rc8+ Kb1 61. Rb8+ Bb2 62. Ra8 a1=Q 63. Rxa1+ Bxa1 64. g5 Kc2
65. h6 Kd3 66. Kh7 Ke4 67. g6 Kf5 68. g7 Bxg7 69. Kxg7 Rg2+ 70. Kf7 Ra2 71. h7
Ra7+ 72. Kg8 Kg6 0-1

[Event "192nd open MGU"]
[Site "Sofia"]
[Date "2017.10.08"]
[Round "5.3"]
[White "Kostov, Nikolay"]
[Black "Mihalev, Daniil"]
[Result "0-1"]
[WhiteElo "1646"]
[BlackElo "1727"]
[PlyCount "110"]
[EventDate "2017.10.07"]
[EventType "tourn"]
[EventRounds "6"]
[EventCountry "BUL"]
[SourceDate "2008.07.28"]

1. d4 e6 2. e3 b6 3. f4 Bb7 4. Nf3 Nf6 5. Bd3 c5 6. c3 d6 7. O-O Be7 8. Qe2 Ne4
9. Nbd2 d5 10. Nxe4 dxe4 11. Bb5+ Kf8 12. Nd2 a6 13. Ba4 f5 14. g4 g6 15. Bc2
Nc6 16. Rf2 Rc8 17. Nf1 Kf7 18. gxf5 exf5 19. Rg2 cxd4 20. Bb3+ Kg7 21. cxd4
Qd6 22. Ng3 Rhf8 23. a3 Na5 24. Ba2 Bd5 25. Bxd5 Qxd5 26. Bd2 Nb3 27. Rb1 Qc4
28. Qxc4 Rxc4 29. Be1 Kf7 30. Ne2 Rfc8 31. Nc3 Rd8 32. Kf1 b5 33. Rd1 Rd7 34.
h4 h5 35. Na2 a5 36. Ke2 Rdc7 37. Nc3 Rb7 38. a4 b4 39. Nb5 Nc1+ 40. Kf1 Nd3
41. b3 Rc8 42. Rb1 Rb6 43. Rh2 Rbc6 44. Bd2 Rc2 45. Kg1 Ra2 46. Be1 Rxh2 47.
Kxh2 Rc2+ 48. Kg1 Re2 49. Kf1 Rxe3 50. d5 Rf3+ 51. Ke2 Nxf4+ 52. Kd1 Rd3+ 53.
Kc2 Nxd5 54. Kb2 Bf6+ 55. Ka2 Nc3+ 0-1

[Event "192nd open MGU"]
[Site "Sofia"]
[Date "2017.10.08"]
[Round "5.4"]
[White "Ivanov, Oleg M."]
[Black "Tsyntsarski, Boyko"]
[Result "0-1"]
[WhiteElo "1523"]
[BlackElo "1687"]
[PlyCount "78"]
[EventDate "2017.10.07"]
[EventType "tourn"]
[EventRounds "6"]
[EventCountry "BUL"]
[SourceDate "2008.07.28"]

1. a3 e5 2. c4 d6 3. Nc3 Nf6 4. g3 Nc6 5. Bg2 Be7 6. Nf3 O-O 7. O-O h6 8. Qc2
Be6 9. d3 Qd7 10. e4 Bh3 11. Nd5 Bxg2 12. Nxe7+ Qxe7 13. Kxg2 Nd7 14. Be3 Qe6
15. Nh4 Ne7 16. f4 f5 17. d4 exd4 18. Bxd4 Qxe4+ 19. Qxe4 fxe4 20. Rae1 g5 21.
Rxe4 Nc6 22. Ng6 Rfe8 23. Rxe8+ Rxe8 24. Bc3 Nb6 25. b3 d5 26. Ne5 Nxe5 27.
Bxe5 dxc4 28. bxc4 Nxc4 29. Bxc7 Ne3+ 30. Kf2 Nxf1 31. Kxf1 Re3 32. Bd6 g4 33.
Kf2 Rd3 34. Bc5 a6 35. Kg1 Rd2 36. Bb6 Ra2 37. Bc5 Kf7 38. Kh1 Ke6 39. Kg1 Kf5
0-1

[Event "192nd open MGU"]
[Site "Sofia"]
[Date "2017.10.08"]
[Round "5.5"]
[White "Mladenov, Andrey"]
[Black "Babatov, Martin"]
[Result "0-1"]
[WhiteElo "1593"]
[BlackElo "1755"]
[PlyCount "42"]
[EventDate "2017.10.07"]
[EventType "tourn"]
[EventRounds "6"]
[EventCountry "BUL"]
[SourceDate "2008.07.28"]

1. d4 c6 2. c4 d5 3. Nc3 Nf6 4. Nf3 e6 5. e3 Be7 6. Bd3 Nbd7 7. O-O O-O 8. e4
dxe4 9. Nxe4 Nxe4 10. Bxe4 Nf6 11. Bc2 b6 12. Ne5 Bb7 13. Qd3 c5 14. Be3 cxd4
15. Qxd4 Qxd4 16. Bxd4 Rfd8 17. Rad1 Rd6 18. c5 bxc5 19. Bxc5 Rxd1 20. Bxe7
Rxf1+ 21. Kxf1 Rc8 0-1

[Event "192nd open MGU"]
[Site "Sofia"]
[Date "2017.10.08"]
[Round "6.1"]
[White "Tsyntsarski, Boyko"]
[Black "Metev, Martin"]
[Result "1-0"]
[WhiteElo "1687"]
[BlackElo "1907"]
[PlyCount "83"]
[EventDate "2017.10.07"]
[EventType "tourn"]
[EventRounds "6"]
[EventCountry "BUL"]
[SourceDate "2008.07.28"]

1. d4 e6 2. c4 d5 3. cxd5 exd5 4. Nc3 Nf6 5. Bg5 c6 6. e3 h6 7. Bh4 Be7 8. Bd3
O-O 9. Nf3 Nbd7 10. Qc2 b6 11. O-O-O c5 12. Kb1 c4 13. Be2 b5 14. Ne5 b4 15.
Nc6 Qe8 16. Nxe7+ Qxe7 17. Nxd5 Qd6 18. Nxf6+ Nxf6 19. Bxf6 Qxf6 20. Bxc4 Bb7
21. f3 a5 22. e4 a4 23. e5 Qb6 24. Qd3 Rfc8 25. Rc1 Rc7 26. d5 Rac8 27. d6 Rd7
28. Bd5 Rcd8 29. Bxb7 Rxb7 30. Qc4 Rbd7 31. Qc5 Qb8 32. Rc4 Rb7 33. Rhc1 a3 34.
Qc8 axb2 35. Kxb2 Kf8 36. Qxb8 Rbxb8 37. Rc7 g5 38. g3 Rb5 39. f4 f6 40. Rc8
Rb8 41. d7 Ke7 42. Rxb8 1-0